South to Cadiz / (Record no. 186171)
[ view plain ]
| 000 -LEADER | |
|---|---|
| fixed length control field | 01131 a2200193 4500 |
| 003 - CONTROL NUMBER IDENTIFIER | |
| control field | NUST |
| 005 - DATE AND TIME OF LATEST TRANSACTION | |
| control field | 20230126183022.0 |
| 010 ## - LIBRARY OF CONGRESS CONTROL NUMBER | |
| LC control number | 34028456 |
| 040 ## - CATALOGING SOURCE | |
| Transcribing agency | Nust |
| 082 ## - DEWEY DECIMAL CLASSIFICATION NUMBER | |
| Classification number | 900,TOM |
| 100 ## - MAIN ENTRY--PERSONAL NAME | |
| Personal name | Tomlinson, Henry Major |
| 9 (RLIN) | 107826 |
| 245 ## - TITLE STATEMENT | |
| Title | South to Cadiz / |
| Statement of responsibility, etc. | H. M. Tomlinson, |
| 260 ## - PUBLICATION, DISTRIBUTION, ETC. | |
| Place of publication, distribution, etc. | Harper & brothers |
| Name of publisher, distributor, etc. | New York and London |
| Date of publication, distribution, etc. | 1934 |
| 300 ## - PHYSICAL DESCRIPTION | |
| Extent | vii, 195, p.; |
| Other physical details | 23 cm |
| 505 ## - FORMATTED CONTENTS NOTE | |
| Formatted contents note | Spring Song (Page-1), Cloud Over Tarsish (Page-5), Victoria to Amiens (Page-9), Wagon-Lit (Page-13), A Glimpse of Waste Land (Page-16), The Spanish Legend (Page-32), Café of the Revolutionists (Page-44), Morning in Madrid (Page-57), Bus to Toledo (Page-64), El Greco (Page-79), Mirage form the Escorial (Page-87), La Mancha (Page-98), Devotions at Ubeda (Page-107), Cordova (Page-114), Outlook on Sierra Morena (Page-124), A Spanish Road (Page-132), Seville (Page-139),The Cathedral (Page-150), Sherry (Page-159), Cadiz (Page-167), Malaga (Page-185), Cloudland (Page-194), The Alhambra (Page-198), hotel Balcony (Page-203). |
| 600 ## - SUBJECT ADDED ENTRY--PERSONAL NAME | |
| Personal name | Tomlinson, Henry Major |
| 9 (RLIN) | 107826 |
| 650 ## - SUBJECT ADDED ENTRY--TOPICAL TERM | |
| Topical term or geographic name entry element | South to Cadiz |
| 9 (RLIN) | 107827 |
| 942 ## - ADDED ENTRY ELEMENTS (KOHA) | |
| Source of classification or shelving scheme | |
| Koha item type | Book |
| Call number prefix | 900,TOM |
| Withdrawn status | Lost status | Source of classification or shelving scheme | Damaged status | Not for loan | Permanent Location | Current Location | Shelving location | Date acquired | Full call number | Barcode | Date last seen | Price effective from | Koha item type | Public note |
|---|---|---|---|---|---|---|---|---|---|---|---|---|---|---|
| Military College of Signals (MCS) | Military College of Signals (MCS) | General Stacks | 12/12/2016 | 900,TOM | MCS29820 | 12/08/2016 | 12/12/2016 | Book | Almirah No.58, Shelf No.3 |
